Barrierfrei: Bauen für Behinderte und Betagte /

Saved in:
Bibliographic Details
Other Authors: Stemshorn, Axel (Editor)
Format: Book
Language:German
Published: Dortmund: Verlagsanstalt Alexander Koch, 2003
Edition:5. rozšírené vydanie
Subjects:
Tags: Add Tag
No Tags, Be the first to tag this record!

MARC

LEADER 00000nam a22000003a 4500
001 0098444
003 SK-STU
005 20221122102814.0
007 ta
008 221122s ----xo-----e------000-0-----d
020 |a 3-87422-651-4 
040 |a STU  |b slo 
041 0 |a ger  |h ger 
044 |a gw 
100 1 |a Stemshorn, Axel  |4 edt  |r Z6 
245 1 0 |a Barrierfrei:  |b Bauen für Behinderte und Betagte /  |c ed. Axel Stemshorn 
250 |a 5. rozšírené vydanie 
260 |a Dortmund:  |b Verlagsanstalt Alexander Koch,  |c 2003 
300 |a 506 s. 
650 0 7 |a invalid 
650 0 7 |a bezbariérová architektúra 
996 |b 284V037849  |c V* 53462/O-24622  |l VVT  |s A  |a 24  |w 0098444_0001